00458nam a2200133Ia 450000500170000000800410001708200230005810000180008124500250009925000160012426000450014030000130018550001260019820250310010957.0240331s9999 xx 000 0 und d bYOG23291a894.811 aYoganathan, C 0aSunthariyin Mukangal a2nd Edition aChennai,bSatyabarathi Pathippagamc1994 a176 p.,  aA novel that won multiple prizes and has been praised for being a collection of the best short stories published in Tamil